<?xml version="1.0" encoding="UTF-8"?>
<record
    xmlns:xsi="http://www.w3.org/2001/XMLSchema-instance"
    xsi:schemaLocation="http://www.loc.gov/MARC21/slim http://www.loc.gov/standards/marcxml/schema/MARC21slim.xsd"
    xmlns="http://www.loc.gov/MARC21/slim">

  <leader>02551    a2200253   4500</leader>
  <controlfield tag="001">38958</controlfield>
  <controlfield tag="005">20260407155649.0</controlfield>
  <controlfield tag="008">260407a1985    arg                 spa d</controlfield>
  <controlfield tag="003">AR-UNSa-BCEJYS</controlfield>
  <datafield tag="040" ind1=" " ind2=" ">
    <subfield code="a">AR-UNSa-BCEJYS</subfield>
    <subfield code="b">spa</subfield>
    <subfield code="c">AR-UNSa-BCEJYS</subfield>
  </datafield>
  <datafield tag="080" ind1=" " ind2=" ">
    <subfield code="a">658.8</subfield>
    <subfield code="x">Organizaci&#xF3;n de mercados. Marketing. Ventas. Distribuci&#xF3;n</subfield>
  </datafield>
  <datafield tag="245" ind1="1" ind2="0">
    <subfield code="a">Fundamentos de mercadotecnia</subfield>
  </datafield>
  <datafield tag="250" ind1=" " ind2=" ">
    <subfield code="a">3a. ed.</subfield>
  </datafield>
  <datafield tag="264" ind1=" " ind2="1">
    <subfield code="a">M&#xE9;xico :</subfield>
    <subfield code="b">McGraw-Hill</subfield>
    <subfield code="c">1985</subfield>
  </datafield>
  <datafield tag="300" ind1=" " ind2=" ">
    <subfield code="a">779 p.</subfield>
    <subfield code="c">24 cm.</subfield>
  </datafield>
  <datafield tag="505" ind1=" " ind2=" ">
    <subfield code="a">Parte I: La mercadotecnia moderna: 1. El campo de la mercadotecnia - 2. El entorno de la mercadotecnia y la administraci&#xF3;n de la mercadotecnia - 3. Sistemas de informaci&#xF3;n de mercadotecnia e investigaci&#xF3;n de mercados casos de la parte 1 - Parte II: Mercados meta: 4. Selecci&#xF3;n de mercados meta: aspectos demogr&#xE1;ficos y poder de compra - 5. Influencias culturales y del grupo social sobre el comportamiento del comprador y la clasificaci&#xF3;n de los bienes de consumo - 7. El mercado industrial casos de la parte 2 - Parte III: El producto : 8. Planeaci&#xF3;n y desarrollo del producto - 9. Estrategias de la mezcla del producto - 10. Marcas, empaques y otras carcter&#xED;sticas del producto  casos de la parte 3 - Parte IV: El precio: 11. Determinaci&#xF3;n del precio y sus objetivos - 12. M&#xE9;todos b&#xE1;sicos para la determinaci&#xF3;n de precios - 13. Estrategias y pol&#xED;ticas para el establecimiento de precios casos parte 4 - Parte V: Distribuci&#xF3;n: 14. Mercado al detalle e instituciones de ventas al detalle - 15. Mercado al mayoreo y los intermediarios en las operaciones al mayoreo - 16. Canals de distribuci&#xF3;n: conflicto, cooperaci&#xF3;n y administraci&#xF3;n - 17. Administraci&#xF3;n de la distribuci&#xF3;n f&#xED;sica casos de la parte 5 - Parte VI: Promoci&#xF3;n: 18. El programa promocional - 19. Administraci&#xF3;n de la venta personal - 20. Administraci&#xF3;n de la publicidad y la promoci&#xF3;n de ventas casos de la parte 6 - Parte VII: La mercadotecnia en campos especiales: 21. Mercadotecnia de servicios - 22. Mercadotecnia social en las organizaciones no lucrativas - 23. Mercadotecnia internacional casos de la parte 7 - Parte VIII: Planeaci&#xF3;n y evaluaci&#xF3;n del esfuerzo de mercadotecnia : 20. Planeaci&#xF3;n estrat&#xE9;gica de mercadotecnia, predicci&#xF3;n y evaluaci&#xF3;n - 25. Meracdotecnia: evaluaci&#xF3;n social y perspectivas. </subfield>
  </datafield>
  <datafield tag="942" ind1=" " ind2=" ">
    <subfield code="c">BK</subfield>
  </datafield>
  <datafield tag="590" ind1=" " ind2=" ">
    <subfield code="a">niveau_biblio:m niveau_hierar:0</subfield>
  </datafield>
  <datafield tag="100" ind1="1" ind2=" ">
    <subfield code="a">Stanton, William J.</subfield>
  </datafield>
  <datafield tag="700" ind1="1" ind2=" ">
    <subfield code="a">S&#xE1;nchez P&#xE9;rez, Armando</subfield>
  </datafield>
  <datafield tag="700" ind1="1" ind2=" ">
    <subfield code="a">P&#xE9;rez de las Heras, Leonel</subfield>
  </datafield>
  <datafield tag="700" ind1="1" ind2=" ">
    <subfield code="a">Benassini F&#xE9;lix, Marcela</subfield>
  </datafield>
  <datafield tag="700" ind1="1" ind2=" ">
    <subfield code="a">Moreno Gonz&#xE1;lez, Gerardo</subfield>
  </datafield>
  <datafield tag="999" ind1=" " ind2=" ">
    <subfield code="c">2934</subfield>
    <subfield code="d">2934</subfield>
  </datafield>
  <datafield tag="952" ind1=" " ind2=" ">
    <subfield code="0">0</subfield>
    <subfield code="1">0</subfield>
    <subfield code="4">0</subfield>
    <subfield code="7">0</subfield>
    <subfield code="a">BCEJYS</subfield>
    <subfield code="b">BCEJYS</subfield>
    <subfield code="c">16</subfield>
    <subfield code="d">2026-04-07</subfield>
    <subfield code="l">0</subfield>
    <subfield code="o">658.8 S792 3ed.</subfield>
    <subfield code="p">L45137</subfield>
    <subfield code="r">2026-04-07 15:56:49</subfield>
    <subfield code="w">2026-04-07</subfield>
    <subfield code="y">L</subfield>
  </datafield>
  <datafield tag="952" ind1=" " ind2=" ">
    <subfield code="0">0</subfield>
    <subfield code="1">0</subfield>
    <subfield code="4">0</subfield>
    <subfield code="7">0</subfield>
    <subfield code="a">BCEJYS</subfield>
    <subfield code="b">BCEJYS</subfield>
    <subfield code="c">16</subfield>
    <subfield code="d">2026-04-07</subfield>
    <subfield code="l">0</subfield>
    <subfield code="o">658.8 S792 3ed.</subfield>
    <subfield code="p">L45138</subfield>
    <subfield code="r">2026-04-07 15:56:49</subfield>
    <subfield code="w">2026-04-07</subfield>
    <subfield code="y">L</subfield>
  </datafield>
</record>
